Ninho ou Niro ? - Statistiques

Statistiques générales
  • Ce quiz a été pris 235 fois
  • Le résultat moyen est 6 sur 10
Statistiques - réponses
Question Réponse % Correct
Est l'auteur de la chanson "M.I.L.S" Ninho
93%
Est l'auteur de la chanson "J'dois l'oublier" Niro
89%
Utilise un nom de scène Les deux
83%
A collaboré avec Koba La D Les deux
65%
Est né à Orléans Niro
54%
A une double nationalité Les deux
51%
Est d'origine algérienne Aucun
44%
Est l'auteur de la chanson "Vent de l'Est" Aucun
43%
A fait partie d'un groupe Niro
22%
A sorti plus de 10 albums Niro
19%
Aucun quiz correspondant
Distribution des résultats
% des personnes avec chaque résultat
Percentile par nombre de réponses
Votre historique - résultats
Vous n’avez pas pris ce quiz